| 000 | 00529nam a22001817a 4500 | ||
|---|---|---|---|
| 005 | 20170331151131.0 | ||
| 010 | _aENG-117675 | ||
| 020 |
_a9788190843195 _c150.00 |
||
| 035 | _aEN-101207 | ||
| 037 | _bDABD/PUB | ||
| 082 | _a301.153 | ||
| 100 | _aMahatma Gandhi | ||
| 245 |
_aHind swaraj : _cby Mahatma Gandhi _bIndian home rule / |
||
| 260 |
_aDelhi _bMaheshwari Publication _c2017 |
||
| 270 |
_aG-4/120,Sector-15,Rohini _bDelhi _e110089 |
||
| 300 |
_axii,81p. _c22cm(pbk) |
||
| 942 |
_2ddc _cEN _h301.153 _mGAN |
||
| 999 |
_c138608 _d138608 |
||